000 01010nam a22002897a 4500
001 BR7304646
003 BR-BrBNA
005 20230928084042.0
007 ta
008 230509b bl.||||| |||| 00| 0 por d
040 _aBR-BrBNA
_bpor
_cBiblioteca Nacional de Agricultura
041 _a(Por)
072 _aF00; Q10; E70
_b0230
_b9320
_b/G514
090 _ 0230 BR7304646
100 1 _aGrangier, A.
110 1 _aMinisterio da Agricultura, Industria e Commercio, Rio de Janeiro, GB (Brasil)
245 1 _aA canna de assucar na Bahia - Inquerito sobre a cultura da canna e a industria assucareira no estado da Bahia - Setembro a dezembro de 1925 [Brasil]
260 3 _aRio de Janeiro, GB (Brasil):
_c1926.
300 _a56 p.
500 _a(*) Documento disponível no(a) Instituto do Acucar e do Alcool, Rio de Janeiro, RJ (Brazil)
650 _aCANA DE ACUCAR
650 _aACUCAR
650 _aINDUSTRIA ALIMENTICIA
650 _aBAHIA
909 _a202309
_bLucia
_c55
_dLucia Elande
942 _cBK
999 _c16560
_d16560